000 00728nam a22002417a 4500
003 UA-OsUOA
001 50608
007 ta
008 20140624b un ||||| |||| 00| 0 ukr d
100 _aДорошенко В.
090 _a929
_bД69
942 _cBK
040 _aUA-OsUOA
_bukr
_cUA-OsUOA
_dUA-OsUOA
245 _aВеликий Каменяр (Життя й заслуги Івана Франка).
300 _a63 с.
955 _a1
041 _aukr
080 _a929
260 _aВінніпег
_c1956
650 7 _a9 Географія. Біографії. Історія
_2UDC
999 _c430736
_d430736